Online
Catalog

Génesis de las naciones y culturas del nuevo mundo : (Record no. 57135)

MARC details
000 -CABECERA
campo de control de longitud fija 01781nam a2200325 i 4500
003 - IDENTIFICADOR DEL NÚMERO DE CONTROL
campo de control DO-SdBNP
005 - FECHA Y HORA DE LA ÚLTIMA TRANSACCIÓN
campo de control 20240703150524.0
007 - CAMPO FIJO DE DESCRIPCIÓN FÍSICA--INFORMACIÓN GENERAL
campo de control de longitud fija ta
008 - DATOS DE LONGITUD FIJA--INFORMACIÓN GENERAL
campo de control de longitud fija 240703s2003 mx 000 0 spa d
020 ## - NÚMERO INTERNACIONAL ESTÁNDAR DEL LIBRO
Número Internacional Estándar del Libro 9681670779
040 ## - FUENTE DE LA CATALOGACIÓN
Centro catalogador/agencia de origen DO-SdBNP
Lengua de catalogación spa
Centro/agencia transcriptor BNPHU
Normas de descripción rda
082 ## - NÚMERO DE LA CLASIFICACIÓN DECIMAL DEWEY
Número de clasificación 320.54
Número de documento/Ítem B752g
Número de edición 22
100 1# - ENTRADA PRINCIPAL--NOMBRE DE PERSONA
Nombre de persona Bouchard, Gérard
Término indicativo de función/relación autor
9 (RLIN) 85941
240 ## - TÍTULO UNIFORME
Título uniforme Genése des nations et cultures du nouveau Monde /
245 10 - MENCIÓN DE TÍTULO
Título Génesis de las naciones y culturas del nuevo mundo :
Resto del título ensayo de historia comparada /
Mención de responsabilidad, etc. Gérard Bouchard ; traducción Mario Zamudio
264 #1 - PRODUCCIÓN, PUBLICACIÓN, DISTRIBUCIÓN, FABRICACIÓN Y COPYRIGHT
Producción, publicación, distribución, fabricación y copyright México :
Nombre del de productor, editor, distribuidor, fabricante FCE,
Fecha de producción, publicación, distribución, fabricación o copyright 2003.
300 ## - DESCRIPCIÓN FÍSICA
Extensión 612 páginas,
Dimensiones 21 cm.
336 ## - TIPO DE CONTENIDO
Fuente rdacontent
Término de tipo de contenido texto
Código de tipo de contenido txt
337 ## - TIPO DE MEDIO
Fuente rdamedia
Nombre/término del tipo de medio sin mediación
Código del tipo de medio n
338 ## - TIPO DE SOPORTE
Fuente rdacarrier
Nombre/término del tipo de soporte volumen
Código del tipo de soporte nc
490 1# - MENCIÓN DE SERIE
Mención de serie Sección de obras de historia
500 ## - NOTA GENERAL
Nota general Incluye índice onomástico.
504 ## - NOTA DE BIBLIOGRAFÍA, ETC.
Nota de bibliografía, etc. Bibliografía p: 509-571
520 ## - SUMARIO, ETC.
Sumario, etc. En este libro, Gérard Bouchard confronta la génesis y el desarrollo de Quebec con las otras colectividades nuevas, también llamadas culturas fundadoras: América Latina, Norteamérica y Australia. ¿Cómo nace una sociedad? ¿Cómo se conforma el imaginario colectivo, cómo la cultura? ¿Cómo se organiza el Estado, la nación, la identidad? ¿Cuál es el peso del lazo colonial y cómo se transforma a medida que se afirman las nuevas identidades continentales? Para contestar estas preguntas el autor emprende un doble camino que analiza tanto las trayectorias históricas como las representaciones que las culturas del Nuevo Mundo han elaborado para alimentar el imaginario colectivo.<br/>
590 ## - NOTA LOCAL (RLIN)
Nota local Inventariado, 2024/ YL
700 1# - PUNTO DE ACCESO ADICIONAL--NOMBRE DE PERSONA
Nombre de persona Zamudio, Mario
Término indicativo de función/relación traducción
9 (RLIN) 85944
710 ## - PUNTO DE ACCESO ADICIONAL--NOMBRE DE ENTIDAD CORPORATIVA
Nombre de entidad corporativa o nombre de jurisdicción como elemento de entrada Fondo de Cultura Económica
9 (RLIN) 9178
910 ## - DATOS DE OPCIÓN DEL USUARIO (OCLC)
Datos de opción del usuario YLockward
942 ## - ELEMENTOS DE PUNTO DE ACCESO ADICIONAL (KOHA)
Fuente del sistema de clasificación o colocación Dewey Decimal Classification
Tipo de ítem Koha Libro
Holdings
Estado de retiro Estado de pérdida Fuente del sistema de clasificación o colocación Restricciones de uso No para préstamo Código de colección Localización permanente Ubicación/localización actual Ubicación en estantería Fecha de adquisición Fuente de adquisición Total de préstamos Signatura topográfica completa Código de barras Fecha visto por última vez Precio válido a partir de Tipo de ítem Koha
    Dewey Decimal Classification Préstamo en sala   General Biblioteca Nacional Pedro Henríquez Ureña Biblioteca Nacional Pedro Henríquez Ureña En catalogación 04.08.2023 Donación   320.54 B752g 2024-4055 03.07.2024 03.07.2024 Libro

Powered by Koha